| 000 | 00492nam a22001697a 4500 | ||
|---|---|---|---|
| 003 | NUST | ||
| 005 | 20260512154443.0 | ||
| 008 | 260512b ||||| |||| 00| 0 eng d | ||
| 010 | _a969-8961-01-1 | ||
| 082 |
_a338.5 _bMUH |
||
| 100 |
_aU.G.A. Isani, Muhammad Latif Virk. _9134424 |
||
| 245 |
_aManual of University Laws in Pakistan _cU.G.A. Isani, Muhammad Latif Virk. |
||
| 260 |
_aPakistan _bIqra University, _c2006 |
||
| 300 |
_a733 p ; _c36.00 |
||
| 563 | _aHardcover | ||
| 942 |
_2ddc _cBK |
||
| 999 |
_c617420 _d617420 |
||